000 00808nam a22002297a 4500
005 20111104143718.0
008 111104t xxu||||| |||| 00| 0 eng d
010 _aENG-104042
020 _a9788124116197
_c595.00
035 _aEN-87575
037 _bDBAD/PUB
040 _aDPL
_bEng
100 _935683
_aNath, Shruti
245 _aDelineation of the disadvantaged :
_cby Shruti Nath
_bMulk Raj Anand's novels /
260 _aNew Delhi
_bHar-Anand Publications
_c2011
270 _aE-49/3, Okhla Industrial Area, Phase-II
_bNew Delhi
_e110020
300 _a200p.
_c22cm (Hb)
500 _aIncludes bibliographical references and index
700 _935668
942 _2ddc
_cEN
_mNAT
999 _c58147
_d58147